banner-ar

موجز تاريخ جوامع احمد بن طولون السلطان حسن والسلطان المؤيد : (Record no. 43097)

MARC details
000 -الفاتح
حقل البيانات ثابتة الطول 00761nam a2200181Ia 4500
008 - عناصر البيانات ثابتة الطول - معلومات عامة
حقل البيانات ثابتة الطول 140319s9999 xx 000 0 ara d
040 ## - مصدر الفهرسة
وكالة الفهرسة الأصلية GCL /
وكالة النسخ GCL
082 04 - رقم تصنيف ديوى العشرى
رقم التصنيف ق
رقم المادة 726.1
-- م ا
100 1# - المدخل الرئيسى - إسم شخصى
الإسم الشخصى محمود احمد
245 10 - بيان العنوان
العنوان موجز تاريخ جوامع احمد بن طولون السلطان حسن والسلطان المؤيد :
بقية العنوان بمناسبة تشريف حضرة صاحب السمو الامبراطورى (ولى عهد ايران) بزيارتها /
بيان المسئوليه,etc محمود احمد
260 ## - PUBLICATION, DISTRIBUTION, ETC. (IMPRINT)
تاريخ النشر أو التوزيع 1939
300 ## - الوصف المادى
التعداد 32 ص ؛
أبعاد الوعاء 24 سم
650 04 - المدخل الاضافى بالموضوع-مصطلح موضوعى
مصطلح موضوعي المساجد - تاريخ
650 04 - المدخل الاضافى بالموضوع-مصطلح موضوعى
مصطلح موضوعي جامع احمد ابن طولون
650 04 - المدخل الاضافى بالموضوع-مصطلح موضوعى
مصطلح موضوعي القاهرة - المساجد
942 ## - عناصر المدخل الإضافي( كوها)
مصدر التصنيف او مخطط الترفيف Dewey Decimal Classification
Koha [default] item type كتاب
260 ## - PUBLICATION, DISTRIBUTION, ETC. (IMPRINT)
-- القاهرة :
-- دار الكتب ،
Holdings
حالة التراجع حالة الفقد حالة تلف ليس للاعارة المكان المؤقت الموقع الحالى تاريخ الاكتساب اجمالي اﻻعارات رقم الطلب الباركود تاريخ اخر مشاهدة تاريخ تفعيل السعر نوع وعاء كوها
        مكتبة القاهرة الكبرى مكتبة القاهرة الكبرى 03/26/2014   ق\726.1\ م ا 104233 03/26/2014 03/26/2014 كتاب
        مكتبة القاهرة الكبرى مكتبة القاهرة الكبرى 03/26/2014   ق\726.1\ م ا 104234 03/26/2014 03/26/2014 كتاب

Powered By

EGPV